| 000 | 01104nam a2200253 a 4500 | ||
|---|---|---|---|
| 001 | BRCA_1676 | ||
| 005 | 20190320203514.0 | ||
| 008 | 920626s1992 nyua---##b---#000-0#eng-# | ||
| 020 | _a0872731294 | ||
| 040 |
_aDLC _cDLC _dDLC |
||
| 041 |
_aeng _hfre |
||
| 050 | 4 |
_aND553.B3 _b.F74 1992 |
|
| 245 | 1 | 0 |
_aFrédéric Bazille _bProphet of Impressionism _c[Aleth Jourdan ... [et al.]] ; translated by John Goodman. |
| 260 |
_aBrooklyn, New York _bBrooklyn Museum _c[1992] |
||
| 300 |
_a176 p. _bil. (algunas a color) _c28 cm. |
||
| 500 | _aTraducción de : Frédéric Bazille : et ses Amis Impressionnistes. | ||
| 500 | _aCatálogo de la exposición realizada en Pavillion du Musee Fabre, 9 julio - 4 octubre 1992 en The Brooklyn Museum, 12 noviembre 1992 - 31 enero 1993 y en The Dixon Gallery and Gardens, Memphis, 14 febrero - 25 abril, 1993 | ||
| 504 | _aBibliografía: p. 169-173 | ||
| 600 | 1 | 4 |
_aBazille, Frédéric _d1841-1870 _xExposiciones _95230 |
| 650 | 1 | 4 |
_aImpresionismo (Arte) _xExposiciones _zFrancia _95231 |
| 700 | 1 |
_aJourdan, Aleth _95232 |
|
| 700 | 1 |
_aGoodman, John _95233 |
|
| 942 |
_2lcc _cB |
||
| 999 |
_c1471 _d1471 |
||